La llamada de la tribu.

Spremljeno u:
Bibliografski detalji
Glavni autor: Vargas Llosa, Mario (autor)
Format: Knjiga
Jezik:španjolski
Izdano: Santiago, Chile: Alfaguara, 2018.
Teme:
Oznake: Dodaj oznaku
Bez oznaka, Budi prvi tko označuje ovaj zapis!

MARC

LEADER 00000nam a2200000 a 4500
001 UCJ1583
003 CL-VaPUC
005 20240314123114.0
008 061103e20060000CL |||||||||||||||||spa|d
999 |c 435990  |d 435988 
020 |a 978-956-384-054-4 
040 |c Pontificia Universidad Católica de Valparaíso 
082 7 |a 320.51 VAR 2006  |2 22 
100 0 |a Vargas Llosa, Mario  |e autor  |9 318800 
245 1 3 |a La llamada de la tribu.  
260 |a Santiago, Chile:  |b Alfaguara,   |c 2018. 
300 |a 313 páginas.  
500 |a c.1 Donación Familia Prof. Alejandro Guzmán Brito. 
583 |a last modification  |c 20061103 00:00:00  |k Cristina María Rojas Aguilar 
650 |a Liberalismo  |9 255715 
650 0 |a Individualismo  |9 313336 
650 |a Filosofía   |x Movimientos  |x Existencialismo  |9 870705 
650 |a Historia moderna   |y Siglo 20  |9 870700 
942 |c BK  |2 ddc  |n 0 
952 |0 0  |1 0  |2 ddc  |4 0  |6 320_510000000000000_VAR_2006  |7 1  |8 C_AGB  |9 583659  |a BIBDER  |b BIBDER  |d 2022-06-13  |e Donación   |i 5651789  |o 320.51 VAR 2006  |p 5651789  |r 2023-01-25  |t 1  |w 2022-06-13  |y BK_US  |k AGB